| Registos Bibliográficos associados ao registo de autoridade |
|
Etiqueta de registo: 00230nam 2200025 450 001 1653959 003 http://id.bnportugal.gov.pt/bib/catbnp/1653959 100 ## $a20070822d2005 k y0pory0103 ba 101 0# $apor $deng 102 ## $aPT 105 ## $ay m 000yy 106 ## $ar 200 1# $aDa memória da violência à violência da memória$bTexto policopiado]$e uma leitura de três obras de Gayl Jones$fSusana Maria Barroso Silva$gorient. Maria Isabel Caldeira 210 #9 $aCoimbra$c[s.n.],$d2005 215 ## $a127 f.$d30 cm$ecurriculum vitae (5 f.) 320 ## $aBibliografia, f. 115-127 328 #0 $bTese mestr.$cEstudos Americanos (espec. Literatura e Cultura Americana)$eFac. de Letras, Univ. de Coimbra$d2005 675 ## $a821.111(73)-31Jones, Gayl.09(043)$vBN$zpor$31332456 700 #1 $aSilva,$bSusana Maria Barroso,$f1978-$31300481 702 #1 $aCaldeira,$bMaria Isabel Carvalho G.$4727$394430 712 02 $aUniversidade de Coimbra.$bFaculdade de Letras$4295$319982 801 #0 $aPT$bBN$gRPC 966 ## $lBN$mFGMON$sL. 94052 V.$x1
Etiqueta de registo: 00254nam 2200025 450 001 2286214 003 http://id.bnportugal.gov.pt/bib/catbnp/2286214 100 ## $a20260512d2025 k y0pory01030103ba 101 0# $aeng$dpor 102 ## $aPT 105 ## $ay m 001yy 106 ## $ar 200 1# $aRising from the ashes$etrauma, healing, and representations of arab and muslim communities after 9-11$fSusana Maria Barroso Silva$gMaria José Florentino Mendes Canelo 210 #9 $aCoimbra$c[s.n.],$d2025 215 ## $a256 p.$d30 cm 328 #1 $aTese dout. Línguas Modernas, Culturas, Literatura, Tradução (Culturas e Literaturas),
Faculdade de Letras da Universidade de Coimbra, 2025 702 #1 $aCanelo,$bMaria José Florentino Mendes,$f1968-$4727$3275306 702 #1 $aSilva,$bSusana Maria Barroso,$f1978-$31300481 801 #0 $aPT$bBN$gRPC 966 ## $lBN$mFGMON$x1 971 ## $cisantos$d20260512
|
|
|